University Home | Library Home | Institutional Repository

W. Holman Bentley : (Record no. 153605)

MARC details
000 -LEADER
fixed length control field 00642cam9a220019300 4500
001 - CONTROL NUMBER
control field tmp15396433
003 - CONTROL NUMBER IDENTIFIER
control field UPRA
005 - DATE AND TIME OF LATEST TRANSACTION
control field 20190823112724.0
008 - FIXED-LENGTH DATA ELEMENTS--GENERAL INFORMATION
fixed length control field 950803s1907 enk eng u
035 ## - SYSTEM CONTROL NUMBER
System control number (Sirsi) r101141
035 ## - SYSTEM CONTROL NUMBER
System control number (UPRA)tmp15396433
040 ## - CATALOGING SOURCE
Transcribing agency UPRA
100 1# - MAIN ENTRY--PERSONAL NAME
Personal name Bentley, Hendrina Margo.
Linkage A59250.1
245 10 - TITLE STATEMENT
Title W. Holman Bentley :
Remainder of title the life and labours of a Congo pioneer.
260 ## - PUBLICATION, DISTRIBUTION, ETC.
Place of publication, distribution, etc. London :
Name of publisher, distributor, etc. Religious Tract Society,
Date of publication, distribution, etc. 1907.
600 10 - SUBJECT ADDED ENTRY--PERSONAL NAME
Personal name Bentley, William Holman, 1855-1905.
Dates associated with a name Bentley, William Holman, 1855-1905.
Linkage S45648.1
949 ## - LOCAL PROCESSING INFORMATION (OCLC)
a BV3625.C63
w lcc
i 33729002086861
m MAIN
t BOOK
l ON-SHELF

No items available.

© 2026 - The University of Zambia Library - Koha v25.11